Statistiques concernant One piece doflamingo family

Cliquez ici pour prendre le quiz!

Statistiques générales

  • Ce quiz a été pris 548 fois
  • Le résultat moyen est 15 sur 19

Statistiques - réponses

HintRéponse% Correct
Capitaine jokerDoflamingo
98%
MissilleBaby 5
94%
Chef unité piquePica
94%
Chef unité careauDiamante
92%
Jouet 100 % naturelSugar
91%
Heart capitaineLaw
90%
Chef unité trèfleTrebol
90%
Vice amiralVergo
88%
BG avec une coucheSenor pink
86%
Idiot sur ressordBellamy
83%
Papy muscléLao g
82%
Danseuse de flamencoViolette
78%
Homme requinDellinger
77%
Espionne indépendanteMonet
76%
TourniquetBuffalo
70%
Bombe atomiqueGladius
66%
ArtisteJora
66%
Castor très lourdMachvise
58%
Scientifique fouCaesar
50%

Distribution des résultats

Percentile par nombre de réponses

% des personnes avec chaque résultat

Votre développement - résultats

Vous n’avez pas pris ce quiz